LEADER 00979nam0-22003371i-450- 001 990003770370403321 005 20091001165316.0 010 $a0-8039-1352-4 035 $a000377037 035 $aFED01000377037 035 $a(Aleph)000377037FED01 035 $a000377037 100 $a20030910d1981----km-y0itay50------ba 101 0 $aeng 102 $aUS 105 $a--------001cy 200 1 $aCareers and family$esex roles and adolescent life plans$fCarol Kehr Tittle 210 $aBeverly Hills$cSage Publications$d1981 215 $a317 p.$ctab., app.$d21 cm 225 1 $aSage library of social research$v121 320 $aContiene bibl. (pp.253-264) 610 0 $aGiovani$aStati Uniti 676 $a305.230973$v22$zita 700 1$aTittle,$bCarol K.$0494249 801 0$aIT$bUNINA$gRICA$2UNIMARC 901 $aBK 912 $a990003770370403321 952 $a305.23 TIT 1$b3164$fBFS 959 $aBFS 996 $aCareers and family$9510884 997 $aUNINA LEADER 01014nam2-2200337---450 001 990005498620203316 005 20230627094844.0 035 $a000549862 035 $aUSA01000549862 035 $a(ALEPH)000549862USA01 035 $a000549862 100 $a20010829f1938-------|0itac50------ba 101 $aita 102 $aIT 105 $a|||| ||||| 200 1 $aOrlando innamorato$eridotto a miglior lezione, con notizie dell'autore$fdi Matteo Maria Bojardo 210 $aMilano$cSonzogno$dstampa 1938 215 $a416 p.$d18 cm 225 2 $aBiblioteca Classica Economica$v39 410 0$1001000540043$aBiblioteca Classica Economica$v, 39 676 $a851.2 700 1$aBOIARDO,$bMatteo Maria$0154367 801 0$aIT$bsalbc$gISBD 912 $a990005498620203316 951 $aXV.9. Coll. 25/ 39$b1245 MAR$cXV.9. Coll.$d367172 951 $aXV.23. 23$b282000 FELIA$cXV.23.$d554995 959 $aBK 969 $aMAR 969 $aFELIA 996 $aOrlando innamorato$9150943 997 $aUNISA